000 00955nam a22002897i 4500
003 EG-GICUC
005 20260429170707.0
008 260429s1926 fr ||||fr|||| 00| 0 fre d
040 _aEG-GiCUC
_bfre
_cEG-GiCUC
_dEG-GiCUC
_eRda
041 _afre
_hfre
082 0 4 _221
_a343.451
_bJA . R
092 0 4 _221
099 _aLaw 10 343.451 JA . R 1926
100 1 _a Jaton, Louis
_eAuteur
245 1 0 _aLa répression des fausses indications de provenance et les conventions internationales. /
_cPar Louis Jaton .
264 1 _aParis;
_bL.G.D.J,
_c1926.
300 _a267 page :
_billustration ;
_c 24 cm.
336 _2rda contenu
_a texte
337 _2rda medias
_aOrdinateur
338 _2 transporteur rda
_a Ressource en ligne
504 _aBibliography: pages 200-250. 240-220
650 1 _aDroit pénal
_2qrmak
651 1 _2qrmak
856 4 0 _uhttps://fll.law.cu.edu.eg/fulltext/bks/B10-10683.pdf
905 _a31
942 _2ddc
_cBK
_e21
_n0
999 _c74285
_d74285